| 000 | 01398nam a2200133Ia 4500 | ||
|---|---|---|---|
| 008 | 220620s9999||||xx |||||||||||||| ||und|| | ||
| 020 | _a9783040000000 | ||
| 245 | 0 | _aMolecular Mechanisms of Leaf Morphogenesis | |
| 546 | _aEnglish[eng] | ||
| 650 | _aapical meristems||Class I KNOX genes||compound leaves||determinacy||Dryopteridaceae||ferns||leaf development||pinna development||shoot development||Nepenthes||carnivorous plants||UPLC-qToF-MS||metabolomics||tissue specificity||cheminformatics||CIN-like TCP transcription factors||regulation||light||high temperature||microRNA319||BRAHMA||TIE1 transcriptional repressors||TEAR1 E3 ligases||Leaf angle||Phytohormones||crop yield||BR||Crosstalk||Class I KNOX||Elaphoglossum||fronds||leaf diversity||leaf evolution and development||megaphyll||Riccia fluitans||liverwort||adaptation||terrestrialization||transformation||sexual induction||shoot meristem||embryogenesis||stem cell||boundary||transcription factor||cytochrome P450||CUC||STM||LAS||BLR||KNAT6||KLU||CYP78A5||ASYMMETRIC LEAVES2||AS2/LOB domain||adaxial–abaxial polarity||ETTIN/AUXIN RESPONSE FACTOR3 (ETT/ARF3)||AS2 body||nucleolus||gene body methylation||ribosomal DNA (rDNA)||adaptive significance of insect galls||gall-inducing insects||gall formation mechanism||insect effectors | ||
| 700 | _aKoyama, Tomotsugu | ||
| 856 | _uhttps://mdpi.com/books/pdfview/book/4960 | ||
| 942 | _cEB | ||
| 999 |
_c29852 _d29852 |
||